Responses for Show #754 - Thursday, December 10, 1987

Sandra Gore game 3.

Contestants

[<< previous game]

David Castro, a comedy writer originally from the Bronx, New York

Debby Christiana, a business owner from San Diego, California

Sandra Gore, a researcher originally from Boston, Massachusetts (whose 2-day cash winnings total $29,802)

[next game >>]

Jeopardy! Round responses

SWEETS
BIRDS
6-LETTER WORDS
'60s TV
AMERICAN INDIAN NAMES
"ANGEL"IC SONGS
    $100 1
the ice cream soda

Sandra
    $100 15
a hummingbird

Sandra
    $100 18
policy

Sandra
    $100 3
L.A.

David
    $100 13
Tallulah

Sandra
    $100 6
"Angel of the Morning" (Angel in the Morning accepted)

Debby
    $200 2
an almond

David
    $200 16
a (European) robin

David
    $200 22
the potato

Sandra
    $200 4
Star Trek

David
    $200 17
Okefenokee

Debby
    $200 7
"Earth Angel"

David
    $300 14
marmalade

Sandra
    $300 19
beehives

Sandra
    $300 24
(Sandra: What is the subject?)

object

Sandra
Triple Stumper
    $300 5
Peyton Place

Sandra
    $300 21
Ticonderoga

Debby
    $500 9
(Debby: What is Angel Face?)

"Undercover Angel"

Debby
    $400 20
(Alex: We've got a minute to go in the round.)

a (sugar) maple tree

David
    $400 25
(Debby: What is uncoil?)

[The end-of-the-round signal sounds]

unwind

SandraDebby
    $400 8
(1 of) The Lucy Show, Here's Lucy & The Lucy-Desi Comedy Hour

Debby
    $400 23
Hoboken

Debby
    $400 11
"Next Door to an Angel"

Triple Stumper
    $500 10
(Sandra: Who is Mingo?

Daniel Boone

SandraDavid
    $500 12
"Kiss an Angel Good Mornin'"

Triple Stumper

Scores at the first commercial break (after clue 9):

Sandra Debby David
$400 $0 $700

Scores at the end of the Jeopardy! Round:

Sandra Debby David
$1,100 $500 $1,800

Double Jeopardy! Round responses

CZARS
QUOTES
GEOGRAPHIC AKA's
ANATOMY
WORLD WAR II
GERALDINE PAGE
    $200 22
Napoleon

Sandra
    $200 1
Disraeli

David
    $200 9
Anna & the King of Thailand

Sandra
    $200 5
smell

David
    $200 2
the bombing of Pearl Harbor

Debby
    $200 15
the Academy Award

Debby
    $400 23
Peter Ueberroth

Sandra
    $400 3
I am the state

David
    $500 10
Kampuchea

Sandra
    $400 11
molars

Debby
    $400 4
Italy

Sandra
    $600 24
the Romanovs

David
    $600 12
Linda Ellerbee

Debby
    $600 16
Persia & Iran

Sandra
    $600 19
hormones

Sandra
    $600 6
Leningrad

David
    $800 25
(David: Who is Irving Feldberg?)
(Alex: Who is [*]? We've got less than a minute to go.)

Louis B. Mayer

David
Triple Stumper
    $800 13
suspicion

Sandra
    $800 17
Iraq

David
    $1,200 20
(1 of) hair, nails & skin

Sandra
    $800 7
Indochina

Triple Stumper
    $800 27
(David: Who was Glenn Ford?)

John Wayne

David
Triple Stumper
    $1000 26
Boris Godunov

Triple Stumper
    $1000 14
no class

Sandra
    $1000 18
Zambia

Triple Stumper
    $1000 21
yellow

Sandra
    $1000 8
(Bernard Law) Montgomery

David
    $1000 28
[The end-of-the-round signal sounds]

(1 of) Sweet Bird of Youth & Summer and Smoke

Sandra

Scores at the end of the Double Jeopardy! Round:

Sandra Debby David
$9,000 $1,900 $4,000
(lock game)

[wagering suggestions for these scores]

Final Jeopardy! Round responses

CANADA
DebbyWhat is Manitoba?
$500
DavidWhat is Alberta?
$4,000
SandraWhat is Manitoba
$500
Alberta

Final scores:

Sandra Debby David
$8,500 $1,400 $8,000
3-day champion: $38,302 3rd place: Speed Queen washer & dryer+Jeopardy! box game or computer version 2nd place: a trip for 2 to Miami+Jeopardy! box game or computer version

Game dynamics:

Coryat scores:

Sandra Debby David
$8,500 $2,400 $4,000
21 R
(including 2 DDs),
2 W
9 R,
2 W
(including 1 DD)
14 R,
2 W

Combined Coryat: $14,900

[game clues] [game scores] [suggest correction]

Game tape date: 1987-09-01
The J! Archive is created by fans, for fans. Scraping, republication, monetization, and malicious use prohibited; this site may use cookies and collect identifying information. See terms. The Jeopardy! game show and all elements thereof, including but not limited to copyright and trademark thereto, are the property of Jeopardy Productions, Inc. and are protected under law. This website is not affiliated with, sponsored by, or operated by Jeopardy Productions, Inc. Join the discussion at JBoard.tv.